000 01090nam a2200253Ia 4500
001 235.4-BAM fr an (20211)
003 IT-MiSPE
008 171229s9999||||xx |||||||||||||| ||und||
040 _aIT-MiSPE
_cIT-MiSPE
041 _aITALIANO
100 _aFrancesco Bamonte
245 0 _aGli angeli ribelli
_bIl mistero del male nell'esperienza di un esorcista
250 _a1a ed. (v)
260 _aMilano
_bPaoline
_c2008
300 _a233 p.
_c21 cm
490 _aLibroteca Paoline
_v88
500 _aDiavolo; Male
501 _aEdizioni San Paolo srl - Piazza Soncino, 5 - 20092 CINISELLO BALSAMO (MI) (non commercial uses only) ® Copyright 2018
520 _aLuigi Negri (pref.)
700 _aLuigi Negri
942 _cBK
957 _71
999 _a7303
_bNO
_g Copie: 1
_c341229
_d341229